000 00433nam a2200169Ia 4500
008 230711s9999||||xx |||||||||||||| ||und||
020 _a978-0-387-31278-1
041 _aENG
082 _a543
_bLA-P
100 _aLakowicz,Joseph R
245 0 _aPrinciples of Fluorescence Spectroscopy
250 _a3rd Ed.
260 _c2006
_aNew York
_bSpringer Science & Business Media
300 _a954p.
650 _aChemistry
942 _cBK
999 _c6736
_d6736